000 00615nam a22001937a 4500
005 20251108172512.0
008 250721s9999 xx 000 0 ara d
082 1 4 _a410.1/سلي
100 1 _aسليمان، فتح الله أحمد
_eمؤلف
245 1 0 _aالفكر اللغوي وألفاظ الحضارة عند محمود تيمور /
264 1 _aالقاهرة :
_bمكتبة الأداب،
300 _a94ص.
650 1 7 _aاللغةالعربية
650 1 7 _aالنقد اللغوي
650 1 7 _aاللسانيات
650 1 7 _aعلم المعاجم
942 _2ddc
_cBK
999 _c81013
_d81013